Click the Island - Statistics

General Stats
  • This quiz has been taken 47 times
  • The average score is 29 of 40
Answer Stats
Hint Answer % Correct
Island city-state in Southeast Asia Singapore
94%
Island home to a missile crisis in 1962 Cuba
91%
Main island of the United Kingdom Great Britain
91%
Island in which downtown New York is located Manhattan
91%
Island home to Honolulu Oahu
91%
Island claimed by two Chinas Taiwan
91%
Largest island in the world Greenland
88%
Island split between Haiti and the Dominican Republic Hispaniola
88%
Largest island in Africa Madagascar
88%
The major island of a country that owns Tobago Trinidad
88%
An island of New Zealand North Island
84%
Island split between the U.K. and a republic Ireland
81%
Largest island in the Philippines Luzon
81%
Island home to Mount Etna Sicily
81%
Island in French Polynesia Tahiti
81%
Island home to a devil Tasmania
81%
Island split between Chile and Argentina Tierra del Fuego
81%
Island where British Columbia's capital lies Vancouver Island
81%
Largest island in Canada Baffin Island
78%
Major tourist destination in Indonesia Bali
78%
Island split between 3 countries Borneo
78%
Southernmost major island in Greece Crete
75%
Island where Napoleon died in exile Saint Helena
72%
French island that sits in the Mediterranean Corsica
69%
Northernmost major island of Japan Hokkaido
69%
The Japanese mainland Honshu
69%
Famous island in Massachusetts Martha's Vineyard
69%
The largest island of the Balearics Majorca
66%
Island that was the site of a volcanic eruption in 2010 Iceland
63%
Most populous island in the world Java
63%
Southernmost of the 4 major islands of Japan Kyushu
63%
Island in Lake Superior Isle Royale
59%
Largest island in Oceania New Guinea
59%
Italian island where Casu Marzu originates Sardinia
59%
Largest island of Fiji Viti Levu
56%
Largest uninhabited island in the world Devon Island
50%
Island home to Gros Morne National Park Newfoundland
44%
Smallest of the 4 major islands of Japan Shikoku
38%
Largest island entirely within Indonesia Sumatra
38%
Island that has the cities of Makassar, Palu, and Manado Sulawesi
34%
No matching quizzes found
Score Distribution
Percent of People with Each Score
Percentile by Number Answered
Your Score History
You have not taken this quiz